Technical Report Writing Today

Bibliographic Details
Main Author: Riordan, Daniel G.
Format: Book
Language:English
Published: Boston : Cengage Learning , 2014
Edition:10th ed.
Subjects:

MARC

LEADER 00000cam a2200000 7i4500
001 0000025828
005 20220328.0
008 04032015 xxua eng
020 |a 9781133607380 ,   |c RM 384.00 
040 |a INS 
090 0 0 |a T11. R56 2014 
100 1 |a Riordan, Daniel G. 
245 1 0 |a Technical Report Writing Today   |c Daniel G. Riordan 
250 |a 10th ed. 
260 |a Boston :   |b Cengage Learning ,   |c 2014 
300 |a xxviii, 611p. :   |b ill. ;   |c 23cm. 
500 |a Includes index 
650 0 |a Technical writing 
999 |a 1000002102   |b BOOK   |c Open Shelf   |e Default branch